<?xml version="1.0" encoding="UTF-8"?>
<record
    xmlns:xsi="http://www.w3.org/2001/XMLSchema-instance"
    xsi:schemaLocation="http://www.loc.gov/MARC21/slim http://www.loc.gov/standards/marcxml/schema/MARC21slim.xsd"
    xmlns="http://www.loc.gov/MARC21/slim">

  <leader>00825nam a2200229 a 4500</leader>
  <controlfield tag="001">64213</controlfield>
  <controlfield tag="003">BD-RjUL</controlfield>
  <controlfield tag="005">20211209081301.0</controlfield>
  <controlfield tag="008">170212s1997    bd ||||| |||| 001 0 ben d</controlfield>
  <datafield tag="035" ind1=" " ind2=" ">
    <subfield code="a">(BD-RjUL)64343</subfield>
  </datafield>
  <datafield tag="040" ind1=" " ind2=" ">
    <subfield code="a">BD-RjUL</subfield>
    <subfield code="b">ben</subfield>
    <subfield code="c">BD-RjUL</subfield>
  </datafield>
  <datafield tag="041" ind1=" " ind2=" ">
    <subfield code="a">ben</subfield>
  </datafield>
  <datafield tag="082" ind1=" " ind2=" ">
    <subfield code="2">23</subfield>
    <subfield code="a">891.44209</subfield>
    <subfield code="b">LAB 1997</subfield>
  </datafield>
  <datafield tag="100" ind1="1" ind2=" ">
    <subfield code="a">&#x9B2;&#x9BE;&#x9B9;&#x9BE;, &#x99A;&#x9BF;&#x9A4;&#x9CD;&#x9A4;&#x9B0;&#x99E;&#x9CD;&#x99C;&#x9A8;</subfield>
    <subfield code="9">175752</subfield>
  </datafield>
  <datafield tag="245" ind1="1" ind2="0">
    <subfield code="a">&#x9AC;&#x9BE;&#x982;&#x9B2;&#x9BE; &#x9A8;&#x9BE;&#x99F;&#x995;&#x9C7;&#x9B0; &#x99F;&#x9C7;&#x995;&#x9A8;&#x9BF;&#x995; /</subfield>
    <subfield code="c">&#x99A;&#x9BF;&#x9A4;&#x9CD;&#x9A4;&#x9B0;&#x99E;&#x9CD;&#x99C;&#x9A8; &#x9B2;&#x9BE;&#x9B9;&#x9BE;</subfield>
  </datafield>
  <datafield tag="260" ind1=" " ind2=" ">
    <subfield code="a">&#x995;&#x9B2;&#x995;&#x9BE;&#x9A4;&#x9BE; :</subfield>
    <subfield code="b">&#x9AA;&#x9C1;&#x9B8;&#x9CD;&#x9A4;&#x995; &#x9AC;&#x9BF;&#x9AA;&#x9A3;&#x9BF;,</subfield>
    <subfield code="c">&#x9E7;&#x9EF;&#x9EF;&#x9ED;.</subfield>
  </datafield>
  <datafield tag="300" ind1=" " ind2=" ">
    <subfield code="a">[&#x9E7;&#x9E6;], &#x9E9;&#x9E7;&#x9EF; &#x9AA;&#x9C3;. ;</subfield>
    <subfield code="c">&#x9E8;&#x9E7; &#x9B8;&#x9C7;&#x9AE;&#x9BF;.</subfield>
  </datafield>
  <datafield tag="504" ind1=" " ind2=" ">
    <subfield code="a">&#x9A8;&#x9BF;&#x9B0;&#x9CD;&#x998;&#x9A8;&#x9CD;&#x99F; &#x9B8;&#x982;&#x9AF;&#x9C1;&#x995;&#x9CD;&#x9A4;</subfield>
  </datafield>
  <datafield tag="650" ind1=" " ind2=" ">
    <subfield code="a">&#x9AC;&#x9BE;&#x982;&#x9B2;&#x9BE; &#x9A8;&#x9BE;&#x99F;&#x995;</subfield>
    <subfield code="9">171011</subfield>
  </datafield>
  <datafield tag="650" ind1=" " ind2=" ">
    <subfield code="a">Bengali drama</subfield>
    <subfield code="9">171012</subfield>
  </datafield>
  <datafield tag="942" ind1=" " ind2=" ">
    <subfield code="2">ddc</subfield>
    <subfield code="c">BK</subfield>
  </datafield>
  <datafield tag="999" ind1=" " ind2=" ">
    <subfield code="c">64213</subfield>
    <subfield code="d">64213</subfield>
  </datafield>
  <datafield tag="952" ind1=" " ind2=" ">
    <subfield code="0">0</subfield>
    <subfield code="1">0</subfield>
    <subfield code="2">ddc</subfield>
    <subfield code="4">0</subfield>
    <subfield code="7">1</subfield>
    <subfield code="8">FIC</subfield>
    <subfield code="a">RUCL</subfield>
    <subfield code="b">RUCL</subfield>
    <subfield code="c">Reading</subfield>
    <subfield code="d">2005-05-26</subfield>
    <subfield code="l">0</subfield>
    <subfield code="o">B 891.44209 LAB 1997</subfield>
    <subfield code="r">2017-02-12 00:00:00</subfield>
    <subfield code="t">C-1</subfield>
    <subfield code="w">2017-02-12</subfield>
    <subfield code="y">BK</subfield>
  </datafield>
</record>
